In-plant training report at Apollo tyres Ltd, Kerala, 7th May to 2nd July, 1982 (Record no. 43460)

MARC details
000 -LEADER
fixed length control field 00314nam a2200109Ia 4500
082 ## - DEWEY DECIMAL CLASSIFICATION NUMBER
Classification number 678.065(047)
Item number MAN
100 ## - MAIN ENTRY--AUTHOR NAME
Personal name K T
245 #0 - TITLE STATEMENT
Title In-plant training report at Apollo tyres Ltd, Kerala, 7th May to 2nd July, 1982
260 ## - PUBLICATION, DISTRIBUTION, ETC. (IMPRINT)
Place of publication Kharagput
Name of publisher IIT
Year of publication 1982
942 ## - ADDED ENTRY ELEMENTS (KOHA)
Koha item type Books
Holdings
Withdrawn status Lost status Damaged status Not for loan Home library Current library Date acquired Source of acquisition Full call number Accession Number Koha item type
        RRII Library RRII Library 16/12/2021 Gift 678.065(047) MAN G00210 Books